01155 2200277 4500001002100000005001500021035002000036007000300056008004100059020001800100082001000118084001600128100003300144245019000177250002000367300002700387700003100414520026600445600001900711600001800730264003900748336002100787337003000808338002300838990001600861INLIS00000000000070820260508015616 a0010-0526000164ta260508 g 0 ind  a9786029679137 a153.9 a153.9 NAD r0 aNadjamuddin RamlyePengarang1 aRahasia & keajaiban kekuatan otak tengah :bTips mengaktifkan otak tengah untuk mencerdaskan anak dan upaya pendidikan pencerahan hidup /cDr. Nadjamuddin Ramly ; editor, Tim Best Media acetakan pertama a136 halaman ;c20.5 cm0 aTim Best MediaePenyunting amembahas metode aktivasi otak tengah untuk meningkatkan kecerdasan, kreativitas, dan daya tangkap anak melalui penggabungan fungsi otak kiri-kanan. Buku ini berfokus pada tips praktis, metode relaksasi, serta aktivitas yang membantu anak lebih fokus dan cerdas. 4aPsikologi anak 4aAnak berbakat aJakarta :bBest Media Utama,c2010 2rdacontentateks 2rdamediaatanpa perantara 2rdacarrieravolume aKC001402/19